=LDR 00000nam 2200000 4500 =001 INLIS000000000063440 =005 20240402014229 =035 ##$$a 0010-0424000015 =007 ta =008 240402################g##########0#ind## =020 ##$$a 978-979-95387-7-2 =082 ##$$a 342.041 =084 ##$$a 342.041 Mom k =245 1#$$a Konsep-konsep hukum kepolisian Indonesia /$c Irjen Pol. Purn. Drs. Momo Kelana, M.Si =250 ##$$a Cetakan Pertama =300 ##$$a xviii, 234 halaman ; $c 21 cm =650 #4$$a Kepolisian - undang-undang dan peraturan =264 ##$$a Jakarta :$b Perguruan Tinggi Ilmu Kepolisian,$c 2007 =336 ##$$a Teks$2 rdacontent =337 ##$$a Tanpa perantara$2 rdamedia =338 ##$$a Volume$2 rdacarrier =990 ##$$a 08580858